000 00435cam a2200193ua 4500
001 9116
008 150221n ii |||gr||||Z||||||asm
020 _a9788191069044
040 _cMAIN
041 _aasm
082 _a370
100 _aBarua, J.,
_eAuthor.
245 1 _aUchattar madhyamic shiksha
_cBy Jatin Barua
250 _a1st.
260 _aGuwahati:
_bArun,
_c2011.
300 _a284p.
653 _aEducation
942 _cBK
999 _c8188
_d8188